| 000 | 00669nas a2200253 i 4500 | ||
|---|---|---|---|
| 001 | 2713 | ||
| 003 | ES-MaACL | ||
| 005 | 20250718150802.0 | ||
| 007 | t| | ||
| 008 | 980716c1988 sp a| | 0 ||pa d | ||
| 080 | _a07 | ||
| 245 | 0 | 3 | _aEl País. Indice del año ... |
| 260 |
_aMadrid : _bDiario El País, _c1988- |
||
| 300 |
_a20 v. ; _c29 cm. |
||
| 310 | _aAnual | ||
| 362 | 0 | _a1976/1977- | |
| 650 | 1 | 4 |
_aPeriódicos _915941 |
| 655 | 7 |
_2tgfbne _9226857 _aPeriódicos |
|
| 852 |
_aES-MaACL _jP-364 _zExpurgado: 30-1-2025 _cDEPO2 |
||
| 866 | 0 | _o1976-1979,1984-1996. | |
| 942 |
_2udc _cPERIODICA |
||
| 999 |
_c2713 _d2713 |
||